Listen up! speak up! the third book of speaking up : a plain text guide to advocacy (Record no. 233720)

MARC details
000 -LEADER
fixed length control field 00712nam a2200205Ia 4500
008 - FIXED-LENGTH DATA ELEMENTS--GENERAL INFORMATION
fixed length control field 191130s2007##################000#0#eng##
020 ## - INTERNATIONAL STANDARD BOOK NUMBER
ISBN 9781843104773
082 ## - DEWEY DECIMAL CLASSIFICATION NUMBER
Classification number 362 TUF
100 ## - MAIN ENTRY--AUTHOR NAME
Personal name Tufail, John
245 ## - TITLE STATEMENT
Title Listen up! speak up! the third book of speaking up : a plain text guide to advocacy
Statement of responsibility, etc John Tufail and Kate Lyon
260 ## - PUBLICATION, DISTRIBUTION, ETC. (IMPRINT)
Place of publication Philadelphia
Name of publisher Jessica Kingsley Publishers
Year of publication 2007
300 ## - PHYSICAL DESCRIPTION
Number of Pages 53 p. : ill. (chiefly col.) ; 25 cm
500 ## - GENERAL NOTE
General note Originally published: New Zealand : People's Advocacy Network, 2005
650 ## - SUBJECT ADDED ENTRY--TOPICAL TERM
Topical Term Social services and problems
700 ## - ADDED ENTRY--PERSONAL NAME
Personal name Lyon, Kate
991 ## -
-- 438946
Holdings
Withdrawn status Lost status Damaged status Not for loan Home library Current library Date acquired Full call number Accession Number Price effective from Koha item type
        Anna Centenary Library Anna Centenary Library 13.10.2020 362 TUF 425557 13.10.2020 English Books

Find us on the map